000 00964cam a22003011a 4500
001 77381
003 BD-RjUL
005 20211209082950.0
008 200319s1917 enk 000 0 eng
035 _a(BD-RjUL)77606)
035 _a(OCoLC)28932135
040 _aDLC
_beng
_cICU
_dPPT
_dOCoLC
_dPPiU
_dDLC
041 _aeng
042 _apremarc
082 _219
_a821.8
_bHAM 1917
100 1 _aHardy, Thomas,
_d1840-1928.
_9241108
245 1 0 _aMoments of vision and miscellaneous verses /
_cby Thomas Hardy.
260 _aLondon :
_bMacmillan,
_c1917.
300 _axi, 256 p. ;
_c20 cm.
500 _a"Poems of war and patriotism": p. 223-249.
500 _a"Particulars of the various editions of the works of Thomas Hardy" (4 p. at end).
650 0 _aWorld War, 1914-1918
_vPoetry.
_9241109
906 _a7
_bcbc
_coclcrpl
_du
_encip
_f19
_gy-gencatlg
942 _2ddc
_cBK
999 _c77381
_d77381